Bukaresti tévé
Elmentve itt :
| Szerző: | |
|---|---|
| Adatforrás: | Meister |
| Forrásdokumentuma: | Művelődés. - 3 sz., 1998, 8-10 p. |
| Nyelv: | magyar |
| Kulcsszavak: | intézménytörténet televizió mass-media Bukarest Román Televízió |
| LEADER | 00430nab a2200169 i 4500 | ||
|---|---|---|---|
| 001 | bibPRO00001429 | ||
| 008 | 060524s1998 xx hun | ||
| 040 | |a Sz1 | ||
| 041 | |a hun | ||
| 100 | 1 | |a BOROS Zoltán | |
| 245 | 1 | 0 | |a Bukaresti tévé |c BOROS Zoltán |
| 695 | |a intézménytörténet | ||
| 695 | |a televizió | ||
| 695 | |a mass-media | ||
| 695 | |a Bukarest | ||
| 695 | |a Román Televízió | ||
| 773 | 0 | |t Művelődés. - |g 3 sz., 1998, 8-10 p. | |